A22 Autostrada del Brennero (mappa) - Morte improvvisa - Statistics

Statistiche generali
  • Questo quiz è stato fatto 193 volte
  • Il punteggio medio è 3 su 8
Answers on the Grid
Answers color-coded by a green-red scale on the quiz's grid according to % correct below.
 
Statistiche sulle risposte
Risposta % Corretto
60%
58%
40%
35%
28%
23%
12%
9%
Nessun quiz corrispondente trovato
Distribuzione punteggi
Percentuale di utenti per punteggio
Percentile per numero di risposta
I tuoi punteggi nel tempo
Non hai fatto questo quiz